[Event "Pic d'Anie op 1st"]
[Site "Arette"]
[Date "2004.08.??"]
[Round "5"]
[White "Tholey, Jean Paul"]
[Black "Bardolle, Victor"]
[Result "0-1"]
[WhiteElo "2057"]
[BlackElo "1920"]
[PlyCount "94"]
[EventDate "2004.08.??"]
[EventType "swiss"]
[EventRounds "7"]
[EventCountry "FRA"]
[SourceTitle "EXT 2007"]
[Source "ChessBase"]
[SourceDate "2006.11.23"]
[SourceVersion "1"]
[SourceVersionDate "2006.11.23"]
[SourceQuality "1"]

1. d4 Nf6 2. c4 g6 3. Nc3 Bg7 4. e4 d6 5. f3 0-0 6. Bg5 Nbd7 7. Qd2 c5 8. Nge2 Nb6 9. b3 Nbd7 10. Rd1 cxd4 11. Nxd4 Qa5 12. Be2 Re8 13. 0-0 Nf8 14. Ncb5 Qd8 15. Be3 N8d7 16. Nc2 b6 17. Qb4 a6 18. Nc3 Qc7 19. Nd5 Nxd5 20. exd5 Bb7 21. Nd4 Qc5 22. Qd2 Qc7 23. f4 Nf6 24. Bf3 Qd7 25. h3 Rac8 26. Qd3 Qc7 27. f5 Qd7 28. g4 Rf8 29. h4 Qd8 30. Rd2 Nd7 31. fxg6 hxg6 32. Bd1 Ne5 33. Qe4 e6 34. Bg5 exd5 35. cxd5 Qd7 36. h5 Rc3 37. Rg2 Re8 38. hxg6 Nf3+ 39. Bxf3 Rxe4 40. gxf7+ Qxf7 41. Nf5 Bd4+ 42. Kh1 Rxf3 43. Rxf3 Re1+ 44. Kh2 Be5+ 45. Bf4 Qh7+ 46. Kg3 Bxf4+ 47. Rxf4 Bxd5 0-1

[Event "FRA-ch U10"]
[Site "Hyeres"]
[Date "2002.??.??"]
[Round "7.9"]
[White "Hetier, Stanislas"]
[Black "Bardolle, Victor"]
[Result "1-0"]
[WhiteElo "1410"]
[BlackElo "1450"]
[PlyCount "65"]
[EventDate "2002.04.05"]
[EventType "swiss"]
[EventRounds "9"]
[EventCountry "FRA"]
[SourceTitle "EXT 2003"]
[Source "ChessBase"]
[SourceDate "2002.11.25"]
[SourceVersion "1"]
[SourceVersionDate "2002.11.25"]
[SourceQuality "1"]

1. d4 Nf6 2. Nf3 g6 3. c4 Bg7 4. Nc3 d6 5. e3 0-0 6. Bd3 Nbd7 7. 0-0 c5 8. d5 Nb6 9. e4 Bg4 10. h3 Bc8 11. Be3 e5 12. Qd2 a6 13. Bh6 Nh5 14. Bxg7 Kxg7 15. Ne2 f5 16. exf5 Bxf5 17. Ng5 Bc8 18. f4 h6 19. Ne4 exf4 20. Nxf4 Nxf4 21. Rxf4 Bf5 22. Raf1 Qd7 23. Qc3+ Kh7 24. R4f3 Qd8 25. b3 Qc7 26. Re1 Qd8 27. Re2 Nc8 28. Ref2 Nb6 29. g4 Qd7 30. gxf5 gxf5 31. Nf6+ Rxf6 32. Qxf6 Rg8+ 33. Kf1 1-0

[Event "FRA-ch U10"]
[Site "Hyeres"]
[Date "2002.??.??"]
[Round "3.1"]
[White "Nahed, Yann"]
[Black "Bardolle, Victor"]
[Result "1-0"]
[WhiteElo "1910"]
[BlackElo "1450"]
[PlyCount "61"]
[EventDate "2002.04.05"]
[EventType "swiss"]
[EventRounds "9"]
[EventCountry "FRA"]
[SourceTitle "EXT 2003"]
[Source "ChessBase"]
[SourceDate "2002.11.25"]
[SourceVersion "1"]
[SourceVersionDate "2002.11.25"]
[SourceQuality "1"]

1. e4 c5 2. Nf3 e6 3. d4 cxd4 4. Nxd4 Nc6 5. Be3 Nf6 6. Nxc6 bxc6 7. Bd3 Be7 8. 0-0 Qc7 9. Re1 Bd6 10. h3 Be7 11. c4 d5 12. cxd5 cxd5 13. exd5 Nxd5 14. Bd4 0-0 15. Qh5 g6 16. Qh6 Bf6 17. Bxf6 Nxf6 18. Nc3 Bb7 19. Ne4 Nxe4 20. Bxe4 Bxe4 21. Rxe4 Rfc8 22. Rae1 Qc6 23. Rh4 Rab8 24. Qxh7+ Kf8 25. Rf4 Rb7 26. Qh8+ Ke7 27. Qf6+ Kf8 28. Rh4 Ke8 29. Rh8+ Kd7 30. Qxf7+ Kd6 31. Qxe6+ 1-0